000 01108nam a2200205Ia 4500
003 Ost
005 20260507075121.0
008 260507s9999||||xx |||||||||||||| ||und||
040 _cfsecg
041 _aara
082 _a346.566082
100 _aدويدار، هاني محمد
_eمؤلف
245 0 _aالجديد في أعمال المصاريف من الوجهتين القانونية والإقتصادية :
_bأعمال المؤتمر العلمي السنوي لكلية الحقوق بجامعة بيروت العربية /
_c هاني محمد دويدار
260 _aبيروت:
_bمنشورات الحلبي الحقوقية,
_c2002
300 _a526 صفحة؛
_bإيضاحات ؛
_c25 سم
520 _aالبعد الدولي لجريمة تبيض الأموال- جريمة تبيض الأموال في القانون الجزائي اللبناني- الجرائم المتعلقة باستخدام بطاقات الأئتمان.
653 _aالبنوك- المؤتمرات- لبنان
653 _aالبنوك- قوانين وتشريعات- لبنان
942 _cكتاب
999 _c43081
_d43081